[Event "World Corporate East F"]
[Site "Chess.com INT"]
[Date "2021.02.19"]
[Round "1.12"]
[White "Vikram, K1111"]
[Black "Praveen, Kumar Pugazhendhi"]
[Result "1-0"]
[WhiteElo "1383"]
[BlackElo "1589"]
[PlyCount "57"]
[EventDate "2021.02.19"]
[EventType "team (rapid)"]
[EventRounds "7"]
[EventCountry "USA"]
[SourceTitle "EXT 2022"]
[Source "ChessBase"]
[SourceDate "2021.10.06"]
[SourceVersion "1"]
[SourceVersionDate "2021.10.06"]
[SourceQuality "1"]
[WhiteTeam "Concentrix"]
[BlackTeam "Tata Consultancy Services Bangalore"]
[WhiteTeamCountry "IND"]
[BlackTeamCountry "IND"]

1. d4 d5 2. Bf4 e6 3. e3 Nf6 4. c3 Nbd7 5. Nd2 Be7 6. Ngf3 0-0 7. Bd3 Re8 8. 0-0 h6 9. Ne5 Nxe5 10. dxe5 Nd7 11. Qh5 Nf8 12. Bxh6 gxh6 13. f4 f5 14. Rf3 Nh7 15. Qxh6 Bh4 16. Rh3 Re7 17. Qxh4 Bd7 18. Rf1 Rg7 19. Qh6 Qe7 20. Rff3 Rf8 21. Rfg3 Rxg3 22. Rxg3+ Kh8 23. Nf3 Rg8 24. Ng5 Rg7 25. Be2 Kg8 26. Nxh7 Rxg3 27. Nf6+ Kf7 28. Bh5+ Rg6 29. Bxg6# 1-0